000 00564nam a2200193Ia 4500
999 _c34568
_d34568
003 OSt
005 20200914111240.0
008 190216s9999||||xx |||||||||||||| ||und||
020 _a9780070700390
040 _coclc
082 _a530
_bBEI/F
100 _a Beiser, Arthur
_94331
245 0 _aFundamentals Of Physics With Applications /
_cArthur Beiser
250 _a5th Ed.
260 _bTata Mcgraw Hill Publishing Company Ltd,
_c2013.
_aNew Delhi:
300 _a356p
650 _aPhysics
942 _cBK
_2ddc
_h530
_iBEI/F
_k530
_mBEI/F